Sports Quiz

Random Sports or Baseball Quiz

Trivia Pyramid: Sports Quiz Stats

 Plays Quiz Updated Mar 25, 2019

Score 0/30 Timer 04:00
44 Plays Today
% Correct
Bump, set, and spike
are maneuvers in which
team sport?
100%
What term in bowling
describes three strikes
in a row?
100%
Polo, dressage, and pato
all involve riding on the
back of which animal?
100%
What golf term
describes a score of
two strokes below par?
100%
Cross-checking, high-
sticking, and slashing are
infractions in which sport?
100%
James Naismith is credited
with inventing basketball
in which US state?
96.9%
Which swimming stroke
comes first in a medley
relay with four swimmers?
96.5%
Which team won the first
officially-recognized Test
Cricket Match in 1877?
93.8%
Which city hosted the
Summer Olympics in
1908, 1948, and 2012?
93%
Horse
92.6%
Which country won the
inaugural FIFA World
Cup in 1930?
89.9%
Volleyball
89.5%
Eagle
86.6%
Sabre, épée, and what
third scene make up the
modern fencing disciplines?
86%
Turkey
83.3%
% Correct
Ice Hockey
82%
Backstroke
79.5%
London
76%
Which National League
baseball team signed
Jackie Robinson in 1945?
71.5%
Who has won the
Associated Press' NFL
MVP award five times?
66.2%
Who holds the record
for the most men's singles
titles won at Wimbledon?
66.1%
Of what kind of igneous
rock are regulation
curling stones made?
64%
Brooklyn Dodgers
62.6%
Uruguay
62.6%
Massachusetts
61.9%
Roger Federer
58.7%
Australia
54.5%
Peyton Manning
52.8%
Foil
47%
Granite
39.4%

You're not logged in!

Compare scores with friends on all Sporcle quizzes.
OR
Log In

Show Comments

Extras

Top Quizzes Today


Score Distribution

Your Account Isn't Verified!

In order to create a playlist on Sporcle, you need to verify the email address you used during registration. Go to your Sporcle Settings to finish the process.

Report this User

Report this user for behavior that violates our Community Guidelines.

Details: